Current concepts in cardiovascular physiology /

Bibliographic Details
Other Authors: Garfein, Oscar B.
Format: Book
Language:English
Published: San Diego : Academic Press, [1990]
Subjects:

MARC

Tag First Indicator Second Indicator Subfields
LEADER 00000cam a2200000 a 4500
001 in00004472990
005 20191202143237.0
008 891113s1990 caua b 00100 eng c
010 |a  89018375  
020 |a 012275820X (alk. paper) 
035 |a (OCoLC)20693116 
035 |9 AAE2485MS 
035 |z (UtOrBLW)13579 
035 |a 24166 
040 |a DNLM/DLC  |c DLC  |d TMV  |d UtOrBLW 
049 |a TMVM  |c 1 
050 0 0 |a QP102  |b .C87 1990 
060 0 |a WG 102 C976 
060 4 |a WG 102  |b C976 1990 
082 0 0 |a 612.1  |2 20 
245 0 0 |a Current concepts in cardiovascular physiology /  |c edited by Oscar B. Garfein. 
264 1 |a San Diego :  |b Academic Press,  |c [1990] 
264 4 |c ©1990 
300 |a x, 554 pages :  |b illustrations ;  |c 24 cm. 
336 |a text  |2 rdacontent  |b txt 
337 |a unmediated  |2 rdamedia 
338 |a volume  |2 rdacarrier  |b nc 
504 |a Includes bibliographical references and index. 
650 2 |a Cardiovascular Physiological Phenomena. 
700 1 |a Garfein, Oscar B. 
948 |a Keep and update per EC; 2003 evaluation, nb 10/02/03. 
999 |a MARS 
999 f f |s 7e7c59f7-a16a-37cc-b860-efbb1dc6e456  |i b25d5ea4-9f5e-32c7-8bab-daff490f7bef  |t 0 
952 f f |p ric  |a Texas A&M University  |b Rellis Campus  |c Joint Library Facility  |d Remote Storage  |t 0  |e WG 102 C976 1990  |h National Library of Medicine classification  |i unmediated -- volume  |m 3238900960377 
998 f f |a WG 102 C976 1990  |t 0  |l Remote Storage